书目信息 |
| 题名: |
月朦胧鸟朦胧
|
|
| 作者: | 琼瑶 著 | |
| 分册: | ||
| 出版信息: | 广州 花城出版社 1996.02 |
|
| 页数: | 248页 | |
| 开本: | 32开 | |
| 丛书名: | ||
| 单 册: | ||
| 中图分类: | I247.57 | |
| 科图分类: | ||
| 主题词: | 小说--中国 | |
| 电子资源: | ||
| ISBN: | 7-5360-2270-0 | |
| 000 | 00534nam0 2200193 45 | |
| 001 | 0011061670 | |
| 005 | 20001122182624.4 | |
| 010 | @a7-5360-2270-0@d12.40元 | |
| 100 | @a20001106d1996 km y0chiy0120 ea | |
| 101 | 0 | @achi |
| 105 | @a z 000yy | |
| 200 | 1 | @a月朦胧鸟朦胧@AYue Meng Long Niao Meng Long@f琼瑶著@FQiong Yao Zhu |
| 210 | @a广州@c花城出版社@d1996.02 | |
| 215 | @a248页@d32开 | |
| 606 | 0 | @a小说@x中国 |
| 690 | @aI247.57@v3 | |
| 701 | 0 | @a琼瑶@4著 |
| 801 | @aCN@bPftUser@c20001106 | |
| 905 | @dI247.57@eQ.153:28@b501410@f1 | |
| 月朦胧鸟朦胧/琼瑶著.-广州:花城出版社,1996.02 |
| 248页;32开 |
| ISBN 7-5360-2270-0:12.40元 |
| ● |
| 相关链接 |
|
|
|
正题名:月朦胧鸟朦胧
索取号:I247.57/Q.153:28
 
预约/预借
| 序号 | 登录号 | 条形码 | 馆藏地/架位号 | 状态 | 备注 |
| 1 | 501410 | 205014107 | 文学库108/ [索取号:I247.57/Q.153:28] | 在馆 |